Power talk : language and interaction in institutional discourse /

Bibliographic Details
Main Author: Thornborrow, Joanna, (Author)
Format: eBook
Language:English
Published: London : Routledge, 2013.
Series:Real language series.
Subjects:
Online Access:Click to View
LEADER 01552nam a2200409 i 4500
001 EBC2036406
003 MiAaPQ
005 20200520144314.0
006 m o d |
007 cr cnu||||||||
008 150514s2013 enk ob 001 0 eng|d
020 |z 9780582368798 
020 |a 9781315839172  |q (electronic bk.) 
035 |a (MiAaPQ)EBC2036406 
035 |a (Au-PeEL)EBL2036406 
035 |a (CaPaEBR)ebr11051853 
035 |a (CaONFJC)MIL776973 
035 |a (OCoLC)646968310 
040 |a MiAaPQ  |b eng  |e rda  |e pn  |c MiAaPQ  |d MiAaPQ 
050 4 |a HF5718  |b .T46 2013 
082 0 |a 306.4/4  |2 23 
100 1 |a Thornborrow, Joanna,  |e author. 
245 1 0 |a Power talk :  |b language and interaction in institutional discourse /  |c Joanna Thornborrow. 
264 1 |a London :  |b Routledge,  |c 2013. 
300 |a 1 online resource (157 pages). 
336 |a text  |2 rdacontent 
337 |a computer  |2 rdamedia 
338 |a online resource  |2 rdacarrier 
490 1 |a Real language series 
504 |a Includes bibliographical references and index. 
588 |a Description based on online resource; title from PDF title page (ebrary, viewed May 13, 2015). 
590 |a Electronic reproduction. Ann Arbor, MI : ProQuest, 2015. Available via World Wide Web. Access may be limited to ProQuest affiliated libraries. 
650 0 |a Business communication. 
655 4 |a Electronic books. 
797 2 |a ProQuest (Firm) 
830 0 |a Real language series. 
856 4 0 |u https://ebookcentral.proquest.com/lib/matrademy/detail.action?docID=2036406  |z Click to View